<?xml version="1.0" encoding="UTF-8"?><?xml-stylesheet type="text/xsl" href="static/style.xsl"?><OAI-PMH xmlns="http://www.openarchives.org/OAI/2.0/" xmlns:xsi="http://www.w3.org/2001/XMLSchema-instance" xsi:schemaLocation="http://www.openarchives.org/OAI/2.0/ http://www.openarchives.org/OAI/2.0/OAI-PMH.xsd"><responseDate>2026-04-17T04:22:53Z</responseDate><request verb="GetRecord" identifier="oai:www.recercat.cat:2072/391404" metadataPrefix="marc">https://recercat.cat/oai/request</request><GetRecord><record><header><identifier>oai:recercat.cat:2072/391404</identifier><datestamp>2024-10-29T18:49:25Z</datestamp><setSpec>com_2072_98</setSpec><setSpec>col_2072_378192</setSpec></header><metadata><record xmlns="http://www.loc.gov/MARC21/slim" xmlns:dcterms="http://purl.org/dc/terms/" xmlns:xsi="http://www.w3.org/2001/XMLSchema-instance" xmlns:doc="http://www.lyncode.com/xoai" xsi:schemaLocation="http://www.loc.gov/MARC21/slim http://www.loc.gov/standards/marcxml/schema/MARC21slim.xsd">
   <leader>00925njm 22002777a 4500</leader>
   <datafield ind2=" " ind1=" " tag="042">
      <subfield code="a">dc</subfield>
   </datafield>
   <datafield ind2=" " ind1=" " tag="720">
      <subfield code="a">Marques, Eduardo</subfield>
      <subfield code="e">author</subfield>
   </datafield>
   <datafield ind2=" " ind1=" " tag="260">
      <subfield code="c">2010</subfield>
   </datafield>
   <datafield ind2=" " ind1=" " tag="520">
      <subfield code="a">Este artículo presenta los resultados de una investigación reciente sobre las redes sociales de individuos pobres que viven en Sao Paulo, Brasil. La investigación ha levantado y analizado las redes de 209 individuos pobres que habitan siete espacios de la ciudad sometidos a distintos grados de segregación residencial, así como treintaindividuos de la clase media. El presente trabajo presenta las principales características de las redes, así como explora el patrón de intensa variabilidad observada en las redes, incluso entre los individuos pobres. Los resultados indican la existencia de patrones claros de variación de las redes según su tamaño, estructura e inserción urbana, además de la sociabilidad que contienen, lo que permitió la construcción de una tipología de las redes y de las sociabilidades. La asociación entre segregación social en el espacio y las redes refuta la existencia de efectos directos de la primera sobre las segundas, pero sugiere que las redes efectivamente pueden conectar una parcela de los individuos espacialmente aislados por la segregación, aunque sólo en el caso de una parte reducida de las personas en situación de pobreza</subfield>
   </datafield>
   <datafield ind2=" " ind1=" " tag="520">
      <subfield code="a">This article presents the results of a recent investigation on social networks of poor individuals who live in São Paulo, Brazil. The research analyzed the networks of 209 individuals in poverty who live in seven different locations of the city and are submitted to several degrees of urban segregation, as well as 30 middle-class individuals. This article presents the main characteristics of the networks, as well as explores their intense variability according to size, structure, urban integration and the sociability in which they are embedded, leading to the construction of typologies of networks and of sociabilities. The association between social segregation in space and networks is not direct, although suggests that the networks can really connect a part of the individuals who are spatially isolated by segregation, even if this effect impacts only a part of the individuals in poverty</subfield>
   </datafield>
   <datafield tag="653" ind2=" " ind1=" ">
      <subfield code="a">Redes personales</subfield>
   </datafield>
   <datafield tag="653" ind2=" " ind1=" ">
      <subfield code="a">Sociabilidad</subfield>
   </datafield>
   <datafield tag="653" ind2=" " ind1=" ">
      <subfield code="a">Pobreza</subfield>
   </datafield>
   <datafield tag="653" ind2=" " ind1=" ">
      <subfield code="a">Sao Paulo</subfield>
   </datafield>
   <datafield tag="653" ind2=" " ind1=" ">
      <subfield code="a">Personal networks</subfield>
   </datafield>
   <datafield tag="653" ind2=" " ind1=" ">
      <subfield code="a">Sociability</subfield>
   </datafield>
   <datafield tag="653" ind2=" " ind1=" ">
      <subfield code="a">Poverty</subfield>
   </datafield>
   <datafield ind2="0" ind1="0" tag="245">
      <subfield code="a">¿Como son las redes de los individuos en situación de pobreza en el Brasil urbano?</subfield>
   </datafield>
</record></metadata></record></GetRecord></OAI-PMH>